00290nam a2200109Ia 4500100002400000650002700024654003700051245003700088260003500125300000800160546001200168 aVan Derziel/Aldert  aElectrical Engineering aSolid Slate Physical Electronics aSolid Slate Physical Electronics bPrentice-hallaNEW DELHIc1971 a633 aENGLISH